[Event "TUN-ch"]
[Site "Hammamet"]
[Date "2022.05.10"]
[Round "5"]
[White "Ben Ammar, Mohamed"]
[Black "Sassi, Adnen"]
[Result "1-0"]
[WhiteElo "2125"]
[BlackElo "1977"]
[PlyCount "43"]
[EventDate "2022.05.07"]
[EventType "tourn"]
[EventRounds "11"]
[EventCountry "TUN"]
[SourceTitle "CBM 208 Extra"]
[Source "ChessBase"]
[SourceDate "2022.07.31"]
[SourceVersion "1"]
[SourceVersionDate "2022.07.31"]
[SourceQuality "1"]

1. d4 Nf6 2. c4 e6 3. Nc3 Bb4 4. e3 Ne4 5. Qc2 f5 6. Bd3 b6 7. Bxe4 fxe4 8. Qxe4 0-0 9. Nge2 d5 10. cxd5 exd5 11. Qc2 Ba6 12. 0-0 c6 13. f3 Qe7 14. Rf2 Nd7 15. Bd2 Rae8 16. Qa4 Bb5 17. Qb3 Bc4 18. Nxd5 Bxb3 19. Nxe7+ Rxe7 20. Bxb4 c5 21. dxc5 bxc5 22. axb3 1-0

[Event "Sousse BICA op 1st"]
[Site "Sousse"]
[Date "2021.12.30"]
[Round "9"]
[White "Sassi, Adnen"]
[Black "Boulaares, Akram"]
[Result "1/2-1/2"]
[WhiteElo "1990"]
[BlackElo "1627"]
[PlyCount "151"]
[EventDate "2021.12.24"]
[EventType "swiss"]
[EventRounds "9"]
[EventCountry "TUN"]
[SourceTitle "CBM 205 Extra"]
[Source "ChessBase"]
[SourceDate "2022.01.31"]
[SourceVersion "1"]
[SourceVersionDate "2022.01.31"]
[SourceQuality "1"]

1. c4 e6 2. Nc3 d5 3. e3 Nf6 4. Nf3 Be7 5. b3 0-0 6. Bb2 c5 7. d3 Nc6 8. Be2 b6 9. 0-0 Bb7 10. cxd5 Nxd5 11. Rc1 Bf6 12. Qd2 e5 13. Rfd1 Re8 14. Ne4 Rc8 15. Bf1 Qe7 16. d4 exd4 17. Nxf6+ Nxf6 18. exd4 Rcd8 19. Qf4 Nxd4 20. Nxd4 cxd4 21. Rxd4 Rxd4 22. Qxd4 Rd8 23. Qf4 Qd6 24. Qxd6 Rxd6 25. Bxf6 gxf6 26. Rc7 Be4 27. f3 Bd3 28. Bxd3 Rxd3 29. Rxa7 Rd2 30. a3 Rb2 31. b4 Ra2 32. Ra6 Kg7 33. Rxb6 Rxa3 34. Kf2 Ra2+ 35. Kg3 Rb2 36. h4 h5 37. Rb8 f5 38. b5 Rb4 39. Kf2 Rxh4 40. Ke3 Rb4 41. b6 h4 42. b7 Kf6 43. Kd3 Ke7 44. Kc3 Rb1 45. Kd4 Kd6 46. Rd8+ Kc7 47. b8Q+ Rxb8 48. Rxb8 Kxb8 49. Ke5 Kc7 50. Kxf5 Kd7 51. Kg5 Ke6 52. Kxh4 Kf5 53. g3 Kg6 54. Kg4 f5+ 55. Kh3 Kh5 56. Kg2 Kg6 57. Kf1 Kf7 58. Ke2 Ke6 59. Kd2 Kd6 60. Kc2 Kc6 61. Kd3 Kd5 62. Ke3 Ke5 63. Kf2 Kf6 64. Ke1 Ke7 65. Kf1 Kf7 66. Kg1 Kg7 67. Kh1 Kh7 68. Kh2 Kh6 69. Kh3 Kh5 70. Kg2 Kg6 71. Kf2 Kf6 72. Ke3 Ke5 73. Kd3 Kd5 74. Kc3 Kc5 75. Kd3 Kd5 76. f4 1/2-1/2

[Event "Sousse BICA op 1st"]
[Site "Sousse"]
[Date "2021.12.25"]
[Round "2"]
[White "Nigmatov, Ortik"]
[Black "Sassi, Adnen"]
[Result "1-0"]
[WhiteElo "2442"]
[BlackElo "1990"]
[PlyCount "112"]
[EventDate "2021.12.24"]
[EventType "swiss"]
[EventRounds "9"]
[EventCountry "TUN"]
[SourceTitle "CBM 205 Extra"]
[Source "ChessBase"]
[SourceDate "2022.01.31"]
[SourceVersion "1"]
[SourceVersionDate "2022.01.31"]
[SourceQuality "1"]

1. e4 e6 2. d4 d5 3. Nc3 Nf6 4. e5 Nfd7 5. Nce2 c5 6. c3 Nc6 7. Nf3 Qb6 8. a3 f6 9. exf6 Nxf6 10. Ng3 Bd6 11. b4 cxd4 12. cxd4 Bd7 13. Be2 a6 14. 0-0 0-0 15. Bb2 Be8 16. Ng5 Bf7 17. Bd3 Qc7 18. Re1 Rae8 19. Qc2 g6 20. Nf3 Ng4 21. Rac1 Bf4 22. Rcd1 e5 23. dxe5 Ngxe5 24. Nxe5 Bxe5 25. Nf1 Re7 26. Bxe5 Rxe5 27. Rxe5 Qxe5 28. Bxa6 Nxb4 29. axb4 bxa6 30. Qc5 Qe2 31. Ne3 Re8 32. Qc1 Rd8 33. Rd2 Qb5 34. Qc3 h5 35. h4 Qb7 36. Qf6 Rd7 37. Rd4 Qa8 38. Rd3 Qd8 39. Qxa6 Qxh4 40. Qb5 Qd8 41. Rd4 Rd6 42. Qd3 Qa8 43. g3 Qd8 44. b5 Qa8 45. Kg2 Qb7 46. Kg1 Kh7 47. g4 hxg4 48. Nxg4 Qe7 49. Qg3 Re6 50. Ne3 Re4 51. Rxe4 Qxe4 52. Ng4 Kg7 53. Qe5+ Kf8 54. Qh8+ Ke7 55. Qf6+ Ke8 56. Ne5 Bg8 1-0

[Event "Sousse BICA op 1st"]
[Site "Sousse"]
[Date "2021.12.25"]
[Round "3"]
[White "Sassi, Adnen"]
[Black "Zgeta, Faisal Mohamed"]
[Result "1-0"]
[WhiteElo "1990"]
[BlackElo "1649"]
[PlyCount "73"]
[EventDate "2021.12.24"]
[EventType "swiss"]
[EventRounds "9"]
[EventCountry "TUN"]
[SourceTitle "CBM 205 Extra"]
[Source "ChessBase"]
[SourceDate "2022.01.31"]
[SourceVersion "1"]
[SourceVersionDate "2022.01.31"]
[SourceQuality "1"]

1. c4 Nf6 2. g3 c6 3. Bg2 d6 4. Nc3 g6 5. Nf3 Bg7 6. 0-0 0-0 7. Rb1 e5 8. d3 Bg4 9. h3 Bxf3 10. Bxf3 Qc8 11. Bg2 Nbd7 12. b4 a6 13. a4 Rb8 14. b5 cxb5 15. axb5 Nc5 16. Na4 e4 17. bxa6 bxa6 18. Rxb8 Qxb8 19. Nxc5 dxc5 20. dxe4 Rd8 21. Qc2 Nd7 22. Bg5 Re8 23. Be3 Qc8 24. f4 Nf8 25. g4 Ne6 26. e5 Nd4 27. Bxd4 cxd4 28. Qd3 Qc5 29. Rd1 Bf8 30. g5 Qb4 31. Bd5 Bc5 32. Rb1 Qa4 33. Kg2 Kg7 34. Rb7 Re7 35. Rxe7 Bxe7 36. Qxd4 Kg8 37. e6 1-0

[Event "TUN-ch Subsid"]
[Site "Hammamet"]
[Date "2019.11.01"]
[Round "9"]
[White "Nouali, Mohamed"]
[Black "Sassi, Adnen"]
[Result "1-0"]
[WhiteElo "2078"]
[BlackElo "1997"]
[PlyCount "44"]
[EventDate "2019.10.27"]
[EventType "swiss"]
[EventRounds "9"]
[EventCountry "TUN"]
[SourceTitle "EXT 2021"]
[Source "ChessBase"]
[SourceDate "2020.10.23"]
[SourceVersion "1"]
[SourceVersionDate "2020.10.23"]
[SourceQuality "1"]

1. d4 e6 2. Nf3 d5 3. c4 Nf6 4. Nc3 Be7 5. Bg5 Nbd7 6. e3 0-0 7. cxd5 exd5 8. Bd3 h6 9. Bf4 c6 10. h3 Re8 11. 0-0 Nf8 12. Qc2 Bd6 13. Bxd6 Qxd6 14. Rab1 g5 15. Ne5 Nh5 16. Bf5 Ng7 17. Bxc8 Raxc8 18. f4 f6 19. Ng4 f5 20. Ne5 Nfe6 21. Ne2 Rf8 22. b4 a6 1-0

[Event "TUN-ch Subsid"]
[Site "Hammamet"]
[Date "2019.10.31"]
[Round "7"]
[White "Ghanem, Khaled"]
[Black "Sassi, Adnen"]
[Result "0-1"]
[WhiteElo "1783"]
[BlackElo "1997"]
[PlyCount "51"]
[EventDate "2019.10.27"]
[EventType "swiss"]
[EventRounds "9"]
[EventCountry "TUN"]
[SourceTitle "EXT 2021"]
[Source "ChessBase"]
[SourceDate "2020.10.23"]
[SourceVersion "1"]
[SourceVersionDate "2020.10.23"]
[SourceQuality "1"]

1. d4 Nf6 2. c4 e6 3. Nc3 Bb4 4. Qb3 c5 5. a3 Ba5 6. d5 Ne4 7. Nf3 Bxc3+ 8. bxc3 Qa5 9. g3 0-0 10. Bb2 Qa6 11. Rd1 d6 12. Qc2 f5 13. e3 e5 14. Bd3 Nd7 15. Qe2 Ndf6 16. Bxe4 fxe4 17. Ng5 Bg4 18. Qd2 Bxd1 19. Qxd1 Qxc4 20. Qe2 Qxd5 21. c4 Qc6 22. Qd1 h6 23. h4 Rfe8 24. Kf1 Rad8 25. Kg2 b5 26. Bc1 0-1

[Event "TUN-ch Subsid"]
[Site "Hammamet"]
[Date "2019.10.30"]
[Round "6"]
[White "Sassi, Adnen"]
[Black "Mejri, Moncef"]
[Result "1/2-1/2"]
[WhiteElo "1997"]
[BlackElo "1449"]
[PlyCount "101"]
[EventDate "2019.10.27"]
[EventType "swiss"]
[EventRounds "9"]
[EventCountry "TUN"]
[SourceTitle "EXT 2021"]
[Source "ChessBase"]
[SourceDate "2020.10.23"]
[SourceVersion "1"]
[SourceVersionDate "2020.10.23"]
[SourceQuality "1"]

1. c4 Nf6 2. g3 e6 3. Bg2 d5 4. Nf3 Be7 5. 0-0 0-0 6. b3 b6 7. Bb2 Bb7 8. d3 Nbd7 9. Nbd2 Rc8 10. Qc2 c5 11. e4 d4 12. e5 Ng4 13. Rfe1 Qc7 14. h3 Bxf3 15. Nxf3 Ngxe5 16. Bc1 Ng6 17. Bd2 e5 18. a4 a5 19. Re2 f5 20. Rae1 h6 21. Qc1 Kh7 22. h4 Bf6 23. Bh3 Ne7 24. g4 fxg4 25. Bxg4 Rcd8 26. Kg2 Qc6 27. Rh1 Rf7 28. Kg3 Nf8 29. Re4 Qd6 30. Kg2 Nfg6 31. Qg1 Rdf8 32. Re2 Kh8 33. Ng5 Bxg5 34. hxg5 Qc6+ 35. Kf1 Ng8 36. gxh6 gxh6 37. Bxh6 Rh7 38. f3 Nxh6 39. Ke1 Nf4 40. Re4 Nxd3+ 41. Kd2 Nf4 42. Rxe5 Qg6 43. Qf1 d3 44. Qa1 Kg8 45. Rg1 Nf7 46. Bh3 Rxh3 47. Rxg6+ Nxg6 48. Rf5 Nfe5 49. Rxe5 Nxe5 50. Qxe5 Rhxf3 51. Ke1 1/2-1/2